000
00306 a2200157 4500
001
194847
040
_c
Magnum
100
_a
Alencar, José de
240
1
0
_a
O Guarani
_l
por
245
1
0
_a
O Guarani
300
_a
252
362
0
_a
1996
440
1
_a
Ática
697
_a
LITERATURA GERAL
942
_c
BK
999
_c
194847
_d
194847